[Event "chess.com Speed 2020"]
[Site "chess.com INT"]
[Date "2020.12.12"]
[Round "3.34"]
[White "Vachier-Lagrave, Maxime"]
[Black "Carlsen, Magnus"]
[Result "1/2-1/2"]
[WhiteTitle "GM"]
[BlackTitle "GM"]
[WhiteElo "2784"]
[BlackElo "2862"]
[WhiteFideId "623539"]
[BlackFideId "1503014"]
[EventDate "2020.11.01"]

1. e4 g6 2. d4 Bg7 3. Nf3 d6 4. h3 Nf6 5. Nc3 c6 6. Bd3 O-O 7. O-O Qc7 8. Ne2 e5
9. c3 Re8 10. Ng3 Nbd7 11. Re1 b6 12. Be3 Bb7 13. Qd2 Rad8 14. Bh6 Nf8 15. Bxg7
Kxg7 16. Bc4 c5 17. d5 Bc8 18. a4 a6 19. Qd3 a5 20. Rf1 Ng8 21. Bb5 Re7 22. Nd2
Nd7 23. Nc4 Rf8 24. f4 exf4 25. Rxf4 Ne5 26. Nxe5 Rxe5 27. Raf1 Qe7 28. Qd2 Qg5
29. Qf2 Nh6 30. Bd3 Bd7 31. b3 Qe7 32. Kh2 Ng8 33. c4 Rg5 34. Ne2 Re5 35. Ng1
Qe8 36. Kh1 f6 37. Nf3 Re7 38. Nh2 Ref7 39. Rf3 Nh6 40. Qb2 Qe5 41. Qxe5 dxe5
42. R3f2 f5 43. Nf3 Re8 44. Ng5 Rff8 45. Kh2 f4 46. g3 fxg3+ 47. Kxg3 Rxf2 48.
Rxf2 Re7 49. h4 Bc8 50. Be2 Nf7 51. Nxf7 Rxf7 52. Rxf7+ Kxf7 53. Bg4 Bb7 54.
Be6+ Kf6 55. Kg4 h6 56. Bd7 Ba6 57. Be6 Bb7 58. Bd7 Ba6 59. Be6 Bb7 1/2-1/2

[Event "chess.com Speed 2020"]
[Site "chess.com INT"]
[Date "2020.12.12"]
[Round "3.35"]
[White "Carlsen, Magnus"]
[Black "Vachier-Lagrave, Maxime"]
[Result "1-0"]
[WhiteTitle "GM"]
[BlackTitle "GM"]
[WhiteElo "2862"]
[BlackElo "2784"]
[WhiteFideId "1503014"]
[BlackFideId "623539"]
[EventDate "2020.11.01"]

1. e4 c5 2. Nf3 d6 3. d4 cxd4 4. Nxd4 Nf6 5. Nc3 a6 6. Be3 Ng4 7. Bg5 h6 8. Bh4
g5 9. Bg3 Bg7 10. Qd2 Nc6 11. Nb3 b5 12. h4 gxh4 13. Bxh4 Be6 14. O-O-O Nce5 15.
f3 Nf6 16. Nd4 Rc8 17. Kb1 Bc4 18. Nf5 Kf8 19. Bxf6 Bxf6 20. Rxh6 Ng6 21. Rxh8+
Bxh8 22. Qh6+ Ke8 23. Bxc4 bxc4 24. Nd5 Rb8 25. Nfxe7 Bxb2 26. c3 Bxc3+ 27. Kc2
Qa5 28. Nxc3 Kxe7 29. Qd2 Qc5 30. Nd5+ Ke8 31. Qc3 Ne5 32. f4 Qf2+ 33. Qd2 Nd3
34. Qxf2 Nxf2 35. Rd4 Nd3 36. Rxc4 Ne1+ 37. Kd2 Nxg2 38. Ra4 Rb2+ 39. Kc3 Rf2
40. f5 Nf4 41. Nxf4 Rxf4 42. Kd4 Ke7 43. Rxa6 Rf2 44. a4 Rd2+ 45. Kc4 Rc2+ 46.
Kd3 Ra2 47. a5 Ra4 48. Ke3 Kd7 49. Ra7+ Ke8 50. f6 Ra1 51. a6 Ra5 52. Re7+ Kf8
53. a7 1-0

[Event "chess.com Speed 2020"]
[Site "chess.com INT"]
[Date "2020.12.12"]
[Round "3.36"]
[White "Vachier-Lagrave, Maxime"]
[Black "Carlsen, Magnus"]
[Result "0-1"]
[WhiteTitle "GM"]
[BlackTitle "GM"]
[WhiteElo "2784"]
[BlackElo "2862"]
[WhiteFideId "623539"]
[BlackFideId "1503014"]
[EventDate "2020.11.01"]

1. e4 Nf6 2. e5 Nd5 3. d4 d6 4. Nf3 dxe5 5. Nxe5 g6 6. Be2 Bg7 7. O-O O-O 8. c3
c5 9. Nf3 cxd4 10. Nxd4 Nc6 11. Nxc6 bxc6 12. Bf3 Rb8 13. Re1 Qc7 14. Na3 Rd8
15. Qa4 Bf5 16. Nc4 Rb5 17. Ne3 Nb6 18. Qh4 Be6 19. a4 Re5 20. Qg3 Nc4 21. Rf1
Nd2 22. Bxd2 Rxd2 23. b4 Rd3 24. Rac1 Bh6 25. Rfe1 Qd6 26. c4 c5 27. b5 Rexe3
28. fxe3 Qxg3 29. hxg3 Bxe3+ 30. Rxe3 Rxe3 31. a5 Rb3 32. Ra1 Bxc4 33. b6 axb6
34. a6 Bxa6 35. Rxa6 e6 36. Ra7 b5 37. Rc7 c4 38. Bc6 Kf8 39. g4 g5 40. Kf2 c3
41. Be4 h6 42. Bc2 Ra3 43. Ke3 b4 44. Bd3 Ra1 45. Kd4 Rd1 46. Ke3 Rd2 47. g3 Rg2
48. Kf3 Rb2 49. Ke3 Kg7 50. Be4 Kf6 51. Rc5 Ke7 52. Rc7+ Kd6 53. Rc6+ Kd7 54.
Rc4 f6 55. Bc6+ Kd6 56. Be4 Rb3 57. Ke2 c2 58. Bxc2 Rxg3 59. Rxb4 Kc5 60. Re4
Rg2+ 61. Kd3 Kd6 62. Bd1 f5 63. gxf5 exf5 64. Ra4 Rg3+ 65. Ke2 Rh3 66. Kf2 h5
67. Ra5 Ke6 68. Bf3 g4 69. Bb7 Kf6 70. Bc8 Rf3+ 71. Ke2 h4 72. Ra7 h3 73. Rh7
Kg5 74. Rh8 Kf4 75. Rh5 Re3+ 76. Kf2 Re5 77. Kf1 Rc5 78. Bd7 Kg3 79. Bxf5 h2 80.
Ke2 Rxf5 0-1

[Event "chess.com Speed 2020"]
[Site "chess.com INT"]
[Date "2020.12.12"]
[Round "3.37"]
[White "Carlsen, Magnus"]
[Black "Vachier-Lagrave, Maxime"]
[Result "1-0"]
[WhiteTitle "GM"]
[BlackTitle "GM"]
[WhiteElo "2862"]
[BlackElo "2784"]
[WhiteFideId "1503014"]
[BlackFideId "623539"]
[EventDate "2020.11.01"]

1. e4 c6 2. d4 d5 3. e5 Bf5 4. c4 e6 5. Nc3 Ne7 6. h3 h6 7. Nf3 Nd7 8. b3 Ng6 9.
a3 dxc4 10. bxc4 c5 11. g4 cxd4 12. Nxd4 Bxg4 13. hxg4 Ndxe5 14. Be2 Bc5 15. Nb3
Qxd1+ 16. Nxd1 Bd6 17. Be3 Rc8 18. c5 Bb8 19. Nc3 Nd7 20. Ne4 O-O 21. Rd1 Rfd8
22. Nd6 Bxd6 23. cxd6 a6 24. Na5 b5 25. O-O Nde5 26. f4 Nc4 27. Bxc4 bxc4 28.
Nb7 Rd7 29. Nc5 Rdd8 30. d7 Rc7 31. Rd6 c3 32. Rc1 Nxf4 33. Bxf4 Rxc5 34. Rd3 e5
35. Be3 Rc7 36. Rcxc3 Rxc3 37. Rxc3 Rxd7 38. Kf2 f6 39. Rc6 a5 40. Rc5 a4 41.
Rc4 Kf7 42. Rxa4 Rd3 43. Ra7+ Ke6 44. a4 Ra3 45. a5 g6 46. Ra6+ Kd5 47. Rxf6
Rxa5 48. Rxg6 Ke4 49. Bxh6 Ra2+ 50. Kg3 Ra3+ 51. Kh4 Ra2 52. Rf6 Ra1 53. Kh5
Rh1+ 54. Kg6 Rg1 55. g5 Kd3 56. Kf7 e4 57. g6 e3 58. Rd6+ Ke4 59. Re6+ Kf5 60.
Bxe3 Rxg6 61. Rxg6 1-0

[Event "chess.com Speed 2020"]
[Site "chess.com INT"]
[Date "2020.12.12"]
[Round "3.38"]
[White "Vachier-Lagrave, Maxime"]
[Black "Carlsen, Magnus"]
[Result "1-0"]
[WhiteTitle "GM"]
[BlackTitle "GM"]
[WhiteElo "2784"]
[BlackElo "2862"]
[WhiteFideId "623539"]
[BlackFideId "1503014"]
[EventDate "2020.11.01"]

1. e4 g6 2. d4 Bg7 3. Nc3 d6 4. Nf3 a6 5. Be3 b5 6. Bd3 Nd7 7. O-O c5 8. dxc5
dxc5 9. e5 Bb7 10. e6 fxe6 11. Ng5 Bxc3 12. bxc3 Qb6 13. c4 Ngf6 14. a4 b4 15.
Qe2 Ne5 16. Bf4 Qc6 17. f3 Nxd3 18. cxd3 Bc8 19. Rfe1 h6 20. Nh3 g5 21. Be5 Rf8
22. Nf2 a5 23. d4 cxd4 24. Bxd4 Ba6 25. Rac1 Rd8 26. Ba1 Kf7 27. Nd3 Kg8 28. Ne5
Qc5+ 29. Kh1 Nh5 30. Ng6 Rf7 31. Qxe6 Qd6 32. Nxe7+ Qxe7 33. Qxe7 Rxe7 34. Rxe7
Nf4 35. Ra7 Bxc4 36. Rxa5 1-0